000 01190 a2200373 4500
003 Nust
005 20170207154044.0
010 _a 2008030945
020 _a0-203-88348-9 (ebook)
020 _a0-415-42666-9 (hbk.)
020 _a978-0-203-88348-8 (ebook)
020 _a978-0-415-42666-4 (hbk.)
035 _a(OCoLC)234257202
035 _a(OCoLC)ocn234257202
040 _cNust
082 0 0 _a658.4
100 1 _aAsimakou, Theodora
245 1 0 _aInnovation, knowledge and power in organizations (E-Book)
_cTheodora Asimakou
260 _aLondon ;
_aNew York :
_bRoutledge,
_c2009
300 _a199 s. ;
_c24 cm
490 1 _aRoutledge studies in global competition ;
_v45
505 _aPART I. Theoretical (Page-19)PART II. Empirical (Page-77)
650 7 _aIndustrial organization
650 7 _aIndustrial organization
650 7 _aIndustriell organisation
650 7 _aInnovationsledning
650 7 _aKnowledge management
650 7 _aKnowledge management
650 7 _aKunskapshantering
650 7 _aTechnological innovations
_xManagement
650 7 _aTechnological innovations
_xManagement
651 _aE-Book
830 0 _aStudies in global competition ;
942 _2ddc
_cBK
999 _c192801
_d192801